Welcome to WEB OPAC of MRSPTU Central Library

Water resources engineering (Record no. 623)

MARC details
000 -LEADER
fixed length control field 00364nam a2200145Ia 4500
008 - FIXED-LENGTH DATA ELEMENTS--GENERAL INFORMATION
fixed length control field 230711s9999||||xx |||||||||||||| ||und||
041 ## - LANGUAGE CODE
Language code of text/sound track or separate title ENG
082 ## - DEWEY DECIMAL CLASSIFICATION NUMBER
Classification number 624
Item number LI-W
100 ## - MAIN ENTRY--PERSONAL NAME
Personal name Linsley,Ray K
245 #0 - TITLE STATEMENT
Title Water resources engineering
250 ## - EDITION STATEMENT
Edition statement 3rd
260 ## - PUBLICATION, DISTRIBUTION, ETC.
Date of publication, distribution, etc. 1979
Place of publication, distribution, etc. New York
Name of publisher, distributor, etc. Tata McGraw Hill Education Limited
650 ## - SUBJECT ADDED ENTRY--TOPICAL TERM
Topical term or geographic name entry element Civil Engineering
942 ## - ADDED ENTRY ELEMENTS (KOHA)
Koha item type Book
Holdings
Withdrawn status Lost status Damaged status Not for loan Collection Home library Current library Date acquired Total checkouts Full call number Barcode Date last seen Price effective from Koha item type
          MRSPTU Central Library MRSPTU Central Library     624 LI-W 2941 08/17/2023 08/17/2023 Book
          MRSPTU Central Library MRSPTU Central Library     624 LI-W 2942 08/17/2023 08/17/2023 Book
          MRSPTU Central Library MRSPTU Central Library     624 LI-W 2943 08/17/2023 08/17/2023 Book
          MRSPTU Central Library MRSPTU Central Library     624 LI-W 2944 08/17/2023 08/17/2023 Book
          MRSPTU Central Library MRSPTU Central Library     624 LI-W 2945 08/17/2023 08/17/2023 Book
          MRSPTU Central Library MRSPTU Central Library     624 LI-W 5123 08/17/2023 08/17/2023 Book
          MRSPTU Central Library MRSPTU Central Library     624 LI-W 5451 08/17/2023 08/17/2023 Book

Website Designed and Developed by MRSPTU Central Library Team

E-mail Id: librarian@mrsptu.ac.in